Comunicación de empresa en entornos turbulentos : (Record no. 195532)

MARC details
000 -LEADER
campo de control de longitud fija 01929nam a2200373 i 4500
001 - NÚMERO DE CONTROL
campo de control 195532
003 - IDENTIFICADOR DE NÚMERO DE CONTROL
campo de control SpMaBN
005 - FECHA Y HORA DE LA ÚLTIMA TRANSACCIÓN
campo de control 20250902053633.0
008 - DATOS DE LONGITUD FIJA--INFORMACIÓN GENERAL
campo de control de longitud fija 240619s1999 sp | ||| ||spa
016 7# - NÚMERO DE CONTROL DE UNA AGENCIA BIBLIOGRÁFICA NACIONAL
Número de control del registro bimoBNE19996032168
Fuente SpMaBN
017 ## - NÚMERO DE COPYRIGHT O DE DEPÓSITO LEGAL
Número de copyright o de depósito legal M 17191-1999
Agencia que asigna Oficina Depósito Legal Madrid
020 ## - NÚMERO INTERNACIONAL ESTÁNDAR DEL LIBRO
Número Internacional Estándar del Libro 8473561937
035 ## - NÚMERO DE CONTROL DEL SISTEMA
Número de control de sistema (OCoLC)41572007
040 ## - FUENTE DE CATALOGACIÓN
Centro catalogador/agencia de origen SpMaBN
Lengua de catalogación spa
Centro/agencia transcriptor SpMaBN
Normas de descripción rdc
Centro/agencia modificador ES-MaACL
080 ## - NÚMERO DE LA CLASIFICACIÓN DECIMAL UNIVERSAL
Número de la Clasificación Decimal Universal 65.012.45/.46
100 1# - ENTRADA PRINCIPAL--NOMBRE DE PERSONA
Nombre de persona Pulgar Rodríguez, Luis del
Número de control del registro de autoridad o número normalizado XX1409295
9 (RLIN) 237149
Término indicativo de función/relación Autor
245 10 - MENCIÓN DEL TÍTULO
Título Comunicación de empresa en entornos turbulentos :
Resto del título gestión de riesgos, reducción de las incertidumbres y supervivencia /
Mención de responsabilidad, etc. Luis del Pulgar Rodríguez
260 ## - PUBLICACIÓN, DISTRIBUCIÓN, ETC.
Lugar de publicación, distribución, etc. Madrid :
Nombre del editor, distribuidor, etc. ESIC,
Fecha de publicación, distribución, etc. 1999.
300 ## - DESCRIPCIÓN FÍSICA
Extensión 211 páginas ;
Dimensiones 24 cm
336 ## - TIPO DE CONTENIDO
Fuente rdacontent
Término de tipo de contenido texto
337 ## - TIPO DE MEDIO
Fuente rdamedia
Nombre/término del tipo de medio sin mediación
338 ## - TIPO DE SOPORTE
Fuente rdacarrier
Nombre/término del tipo de soporte volumen
520 ## - RESUMEN, ETC.
Sumario, etc. Esta guía pretende servir de herramienta para el aprendizaje de uno de los programas más populares y veteranos en el tratamiento de la contabilidad que se llevan a cabo hoy en día en muchas empresas. ContaPlus Élite, en sus dos versiones 2005 y 2004. Con esta obra aprenderá paso a paso todos los procesos contables, ya que se desarrolla de una manera clara y estructurada, con multitud de imágenes de las pantallas e iconos que integran el programa y que facilitan su comprensión.
650 #7 - PUNTO DE ACCESO ADICIONAL DE MATERIA--TÉRMINO DE MATERIA
Término de materia o nombre geográfico como elemento de entrada Comunicación empresarial
Fuente del encabezamiento o término embne
9 (RLIN) 168983
650 #0 - PUNTO DE ACCESO ADICIONAL DE MATERIA--TÉRMINO DE MATERIA
Término de materia o nombre geográfico como elemento de entrada Gestión del riesgo
Fuente del encabezamiento o término embne
9 (RLIN) 237150
852 ## - LOCALIZACIÓN
Ubicación ES-MaACL
Ubicación en estantería Depósito J
Número de control de estantería N-10039
Donativo/Legado Donación: Helena de la Joya
Encuadernación Encuadernación rústica
itemnumber 206186
903 ## - NOMBRE PERSONAL DE DONANTE
a Joya, Helena de la
e Donante
942 ## - ELEMENTOS DE ENTRADA SECUNDARIOS (KOHA)
Tipo de ítem Koha Libro impreso
Suprimir en OPAC No
Holdings
Estatus retirado Estado de pérdida Fuente del sistema de clasificación o colocación Estado de daño No para préstamo Biblioteca de origen Biblioteca actual Ubicación en estantería Fecha de adquisición Fuente de adquisición Total de préstamos Signatura topográfica completa Código de barras Visto por última vez Precio de reemplazo Tipo de ítem Koha
    Clasificación decimal universal     Biblioteca del Ateneo de Madrid Biblioteca del Ateneo de Madrid Depósito J 09/07/2025 Donación   N-10039 2025-0577 09/07/2025 09/07/2025 Libro impreso